Name The Animatic Battle Contestants - Statistics

General Stats
  • This quiz has been taken 40 times
  • The average score is 52 of 64
Answer Stats
Picture Answer % Correct
Acid
96%
B Block
96%
Bowling Ball
93%
Exclamation Mark
93%
Bob-Omb
89%
Cheez-It
89%
Do
89%
Don't
89%
Doorframe
89%
Doorstopper
89%
Eject
89%
Eyepatch
89%
Bouquet
86%
Buddy Cut Boy
86%
Cane's Cup
86%
Danger Sign
86%
Golden Apple
86%
Juice Box
86%
Landscape
86%
Meatball
86%
Mushroom
86%
Nacho
86%
Pea
86%
Popcorn
86%
Printer
86%
Bioluminescenty
82%
Chocolate Milk Carton
82%
Clay Brick
82%
Crazy Food
82%
Demon Core
82%
Jej
82%
Pancake Batter
82%
Peppermint
82%
Raid
82%
Share
82%
Silly Straw
82%
Eggnog Jr.
79%
Hives
79%
Nonagon
79%
Rainbow Assortment
79%
School ID
79%
Season 17
79%
Shattered Ornament
79%
Shoe
79%
Weathery
79%
Yoshi Egg
79%
Bush in a Pot
75%
Dioptase
75%
Iced Coffee
75%
Nebula Void
75%
Notepad
75%
Red Sticky Hand
75%
Shifty
75%
SPAS-12
75%
Sticky
75%
Tea
75%
Tomater
75%
MiniDisky
71%
Oils Paint
71%
Slop
71%
Squirt Gun
71%
Sip-A-Bowl
68%
Tiery
68%
Flas'j;h Light
64%
No matching quizzes found
Score Distribution
Percent of People with Each Score
Percentile by Number Answered
Your Score History
You have not taken this quiz